[Event "Mumbai Wealth rating op 4th"]
[Site "Mumbai"]
[Date "2019.01.07"]
[Round "9"]
[White "Shetye, Shyam"]
[Black "Negi, Augustiya"]
[Result "1-0"]
[WhiteElo "1685"]
[BlackElo "1521"]
[PlyCount "73"]
[EventDate "2018.12.30"]
[EventType "swiss"]
[EventRounds "9"]
[EventCountry "IND"]
[SourceTitle "CBM 188 Extra"]
[Source "ChessBase"]
[SourceDate "2019.02.26"]
[SourceVersion "1"]
[SourceVersionDate "2019.02.26"]
[SourceQuality "1"]

1. e4 c5 2. Nc3 a6 3. Nf3 d6 4. d4 cxd4 5. Nxd4 Nf6 6. Be2 e6 7. 0-0 Be7 8. a4 Qc7 9. f4 Nc6 10. Be3 0-0 11. Kh1 Bd7 12. Nb3 b6 13. Bf3 Bc8 14. Qe1 Bb7 15. Qf2 Nd7 16. Rad1 Rfe8 17. g4 Bf8 18. g5 Nc5 19. Bg2 g6 20. Qh4 Nd7 21. Rf3 Bg7 22. Rh3 Nf8 23. f5 Bxc3 24. f6 h5 25. bxc3 e5 26. Bf3 Bc8 27. Rg3 Kh8 28. Rdg1 Nd8 29. Bxh5 gxh5 30. Qxh5+ Nh7 31. g6 fxg6 32. Rxg6 Qf7 33. Bh6 Be6 34. Bg7+ Kg8 35. Qh4 Bxb3 36. Qxh7+ Kxh7 37. Rh6+ 1-0

[Event "New Delhi Parsvnath op 10th"]
[Site "New Delhi"]
[Date "2012.01.15"]
[Round "1"]
[White "Shetye, Shyam"]
[Black "Kravtsiv, Martyn"]
[Result "0-1"]
[WhiteElo "1850"]
[BlackElo "2602"]
[PlyCount "88"]
[EventDate "2012.01.15"]
[EventType "swiss"]
[EventRounds "11"]
[EventCountry "IND"]
[SourceTitle "CBM 146 Extra"]
[Source "ChessBase"]
[SourceDate "2012.02.29"]
[SourceVersion "1"]
[SourceVersionDate "2012.02.29"]
[SourceQuality "1"]

1. e4 e5 2. Nf3 Nc6 3. Bb5 a6 4. Ba4 Nf6 5. 0-0 Be7 6. Re1 b5 7. Bb3 d6 8. c3 0-0 9. h3 Bb7 10. d3 Na5 11. Bc2 c5 12. Nbd2 Re8 13. Nf1 Bf8 14. Ng3 g6 15. d4 Qc7 16. d5 Nc4 17. Nh2 Bg7 18. Ng4 Nxg4 19. hxg4 Nb6 20. g5 f6 21. Qg4 Rf8 22. gxf6 Bc8 23. Qh4 Bxf6 24. Bg5 Qg7 25. Bxf6 Rxf6 26. Qg5 Bd7 27. Bd3 Raf8 28. f3 Na4 29. Qd2 c4 30. b3 Nc5 31. bxc4 h5 32. Bc2 h4 33. Nf1 h3 34. Nh2 g5 35. Rf1 hxg2 36. Qxg2 bxc4 37. Rab1 Rf4 38. Ng4 Bxg4 39. fxg4 Qa7 40. Kh2 Kg7 41. Rxf4 Rh8+ 42. Kg3 exf4+ 43. Kf3 Nd7 44. Qf2 Ne5+ 0-1

[Event "Mumbai Mayors Cup 1st"]
[Site "Mumbai"]
[Date "2008.05.13"]
[Round "4"]
[White "Shetye, Shyam"]
[Black "Padmini, Rout"]
[Result "0-1"]
[WhiteElo "1974"]
[BlackElo "2238"]
[PlyCount "88"]
[EventDate "2008.05.11"]
[EventType "swiss"]
[EventRounds "11"]
[EventCountry "IND"]
[SourceTitle "CBM 124 Extra"]
[Source "ChessBase"]
[SourceDate "2008.07.03"]
[SourceVersion "1"]
[SourceVersionDate "2008.07.03"]
[SourceQuality "1"]

1. e4 c5 2. Nf3 d6 3. Bb5+ Nc6 4. d4 cxd4 5. Qxd4 Bd7 6. Bxc6 Bxc6 7. Nc3 Nf6 8. Bg5 e6 9. 0-0-0 h6 10. Bh4 Be7 11. Rhg1 e5 12. Qd3 g5 13. Bg3 Qa5 14. Kb1 0-0-0 15. Nd2 b5 16. Nf1 b4 17. Qc4 Qc5 18. Qxc5 dxc5 19. Nd5 Bxd5 20. exd5 Nxd5 21. Ne3 Nxe3 22. fxe3 f6 23. b3 e4 24. Kc1 Kb7 25. Rxd8 Rxd8 26. Rd1 Rxd1+ 27. Kxd1 Kc6 28. Be1 f5 29. g3 Bf6 30. Ke2 Kd5 31. Bd2 Bc3 32. Bc1 h5 33. h3 Be5 34. Kf2 h4 35. gxh4 gxh4 36. Bd2 a5 37. Ke2 c4 38. Be1 Bg3 39. Bd2 c3 40. Bc1 Ke5 41. Kf1 f4 42. Ke2 f3+ 43. Kf1 Kf5 44. Kg1 Be1 0-1

[Event "Mumbai Mayors Cup 1st"]
[Site "Mumbai"]
[Date "2008.05.12"]
[Round "2"]
[White "Shetye, Shyam"]
[Black "Joshi, GB."]
[Result "0-1"]
[WhiteElo "1974"]
[BlackElo "2280"]
[PlyCount "60"]
[EventDate "2008.05.11"]
[EventType "swiss"]
[EventRounds "11"]
[EventCountry "IND"]
[SourceTitle "CBM 124 Extra"]
[Source "ChessBase"]
[SourceDate "2008.07.03"]
[SourceVersion "1"]
[SourceVersionDate "2008.07.03"]
[SourceQuality "1"]

1. e4 c5 2. Nf3 e6 3. d4 cxd4 4. Nxd4 a6 5. c4 Nf6 6. Nc3 d6 7. Bd3 Bd7 8. 0-0 Nc6 9. Nxc6 Bxc6 10. Qe2 Be7 11. b3 0-0 12. Bb2 Qa5 13. Nd5 exd5 14. exd5 Nxd5 15. Qe4 Nf6 16. Qxe7 Qg5 17. f3 Rfe8 18. Bxf6 gxf6 19. Bxh7+ Kg7 20. Qxd6 Rad8 21. Qg3 Qxg3 22. hxg3 Kxh7 23. Rad1 Rxd1 24. Rxd1 Re2 25. a4 Rb2 26. Rd3 f5 27. Kh2 Kg6 28. Kh3 Kf6 29. Re3 Bd7 30. Kh2 Be6 0-1